JetPunkers with a Multiple Choice JetPunker Quiz - Statistics

General Stats
  • This quiz has been taken 6 times
  • The average score is 5 of 14
Answer Stats
User % Correct
Capybarra
67%
KiloNova
67%
Pontiac
67%
akjlddkjslfsd
33%
Dimby
33%
Elboy
33%
MeMeMe333
33%
Nickelz
33%
Stewart
33%
TigerPl
33%
toowise
33%
BautyArg
17%
MasterRocket
17%
cathlete
0%
No matching quizzes found
Score Distribution
Percent of People with Each Score
Percentile by Number Answered
Your Score History
You have not taken this quiz